000 00427nam a2200169Ia 4500
008 230524s9999 xx 000 0 und d
082 _a612
_bMER
100 _aW.J.Meredith
245 0 _aFundamental Physics of Radiology
250 _a3RD
260 _aNEW DELHI
_bVarghese Publishing House
_c1992
300 _aVIII;685
500 _aQuantity Number: 15
650 _aBiomedical
700 _a J.B.Massey
942 _cBK
999 _c35723
_d35723